Tiché svedomie Filmy týždňa

Bibliographic Details
Main Author: Moravčík, Milan (redaktor) (Author)
Format: Article
Language:Slovak
Subjects:

MARC

LEADER 00000nab a2200000 a 4500
001 vtls000364415
003 SK-MaSNL
005 20260303235017.0
008 230814c1989 xo 0 slo
015 |a SNBRB19rr/mm-uuuuu 
035 |a CL0364537 
040 |a SNKBUCL  |b slo  |c SNKBUCL  |e AACR2 
041 0 |a slo 
044 |a xo  |c SK 
080 |a 7.097(437.1)  |2 1981 
100 1 |a Moravčík, Milan  |c (redaktor)  |4 aut  |9 5073 
245 1 0 |a Tiché svedomie  |b Filmy týždňa  |c Milan Moravčík ; Zdeněk Flídr, Ladislav Langpaul 
500 |a (Réžia Zdeněk Flídr a Ladislav Langpaul. Scenár Ladislav Langpaul.) 
610 2 7 |a Československá televize  |2 SNKKA  |9 227058 
650 0 7 |a Langpaul, Ladislav  |2 snkbucl  |9 1242385 
650 0 7 |a Tichý společník (film TV český)  |2 snkbucl  |9 1273254 
651 7 |a 3100  |2 snkbucl  |9 920766 
655 7 |a články z novín a časopisov  |2 snkbucl  |9 267496 
773 0 |t Práca  |g Roč. 44, č. 259 (3. 11. 1989), s. 6 
850 |a Slovenská národná knižnica v Martine  |a MTA001 
852 |a SNK  |b KIS3GCP 
958 |a RK 
958 |a CZ 
992 |a RBX 
999 |c 2523613  |d 2525543